00710nam a2200217 a 450000500170000000800410001704000270005804100080008504400070009308200180010010000330011824501110015126000340026230000420029665000240033865000320036265000170039465000230041166200310043470000270046520160219091227.0140306b2002 ck a gr|||| 00| 0 spa d aCO-BoIAVH cCO-BoIAVH  aspa ack04a970.004bS66t1 aSánchez Gutierrez, Enrique1 aTitulación de los territorios comunales afrocolombianos e indígenas en la costa Pacífica de Colombia aBogotábBanco Mundialc2002 a70 p. :bilustraciones. ;c27 x 21 cm 4aComunidades rurales 4aParticipación comunitaria 4aSociología 4aComunidades negras aColombiacCosta Pacífica1 aRoldán Ortega, Roque